<?xml version="1.0" encoding="UTF-8"?>
<record
    xmlns:xsi="http://www.w3.org/2001/XMLSchema-instance"
    xsi:schemaLocation="http://www.loc.gov/MARC21/slim http://www.loc.gov/standards/marcxml/schema/MARC21slim.xsd"
    xmlns="http://www.loc.gov/MARC21/slim">

  <leader>01791cam a22001817i 4500</leader>
  <datafield tag="020" ind1=" " ind2=" ">
    <subfield code="a">9780773552746 (cloth)</subfield>
  </datafield>
  <datafield tag="020" ind1=" " ind2=" ">
    <subfield code="a">9780773552753 (paperback)</subfield>
  </datafield>
  <datafield tag="040" ind1=" " ind2=" ">
    <subfield code="c">YDX</subfield>
  </datafield>
  <datafield tag="082" ind1="0" ind2="4">
    <subfield code="a">813 YAT 2001 C165 Or.</subfield>
  </datafield>
  <datafield tag="245" ind1="0" ind2="0">
    <subfield code="a">L.M. Montgomery and the matter of nature(s) /</subfield>
  </datafield>
  <datafield tag="300" ind1=" " ind2=" ">
    <subfield code="a">x, 292 pages :</subfield>
    <subfield code="b">illustrations ;</subfield>
    <subfield code="c">23 cm</subfield>
  </datafield>
  <datafield tag="520" ind1=" " ind2=" ">
    <subfield code="a">"L.M. Montgomery's writings are replete with enchanting, yet subtle and fluid depictions of nature that convey her intense appreciation for the natural world. At a time of ecological crises, intensifying environmental anxiety, and burgeoning eco-critical perspectives, L.M. Montgomery and the Matter of Nature(s) repositions the Canadian author's relationship to nature in terms of current environmental criticism across several disciplines, introducing a fresh approach to her life and work. Drawing on a wide range of Montgomery's novels as well as her journals, this collection suggests that socio-ecological relationships encompass ideas of reciprocity, affiliation, autonomy, and the capacity for transformation in both the human and more-than-human worlds, and that these ideas are integral to Montgomery's vision and her literary legacy. Framed by the twin themes of materiality and interrelationships, essays by scholars of literature, law, animal studies, anthropology, and ecology examine place, embodiment, and difference in Montgomery's works and embrace the multiplicities embedded in the concept of nature. Through innovative critical approaches, L.M. Montgomery and the Matter of Nature(s) opens up conversations about humans' interactions with nature and the material environment."--</subfield>
  </datafield>
  <datafield tag="650" ind1=" " ind2="0">
    <subfield code="a">Nature in literature.</subfield>
  </datafield>
  <datafield tag="650" ind1=" " ind2="0">
    <subfield code="a">Human ecology in literature.</subfield>
  </datafield>
  <datafield tag="700" ind1="1" ind2=" ">
    <subfield code="a">Bode, Rita,</subfield>
  </datafield>
  <datafield tag="700" ind1="1" ind2=" ">
    <subfield code="a">Mitchell, Jean,</subfield>
  </datafield>
  <datafield tag="942" ind1=" " ind2=" ">
    <subfield code="c">AEDBB</subfield>
  </datafield>
  <datafield tag="999" ind1=" " ind2=" ">
    <subfield code="c">19316</subfield>
    <subfield code="d">19316</subfield>
  </datafield>
  <datafield tag="952" ind1=" " ind2=" ">
    <subfield code="0">0</subfield>
    <subfield code="1">0</subfield>
    <subfield code="4">0</subfield>
    <subfield code="6">813_000000000000000_YAT_2001_C165_OR</subfield>
    <subfield code="7">0</subfield>
    <subfield code="9">84646</subfield>
    <subfield code="a">LBC</subfield>
    <subfield code="b">LBC</subfield>
    <subfield code="c">C165</subfield>
    <subfield code="d">2020-09-22</subfield>
    <subfield code="e">A32985</subfield>
    <subfield code="o">813 YAT 2001 C165 Or.</subfield>
    <subfield code="r">2020-09-22</subfield>
    <subfield code="w">2020-09-22</subfield>
    <subfield code="y">EK</subfield>
  </datafield>
</record>
